Diderot ou La philosophie de la séduction / (Record no. 196328)

MARC details
000 -LEADER
campo de control de longitud fija 02234nam a2200697 i 4500
001 - NÚMERO DE CONTROL
campo de control 196328
003 - IDENTIFICADOR DE NÚMERO DE CONTROL
campo de control ES-MaACL
005 - FECHA Y HORA DE LA ÚLTIMA TRANSACCIÓN
campo de control 20241010162407.0
007 - CAMPO FIJO DE DESCRIPCIÓN FÍSICA--INFORMACIÓN GENERAL
campo de control de longitud fija ta
008 - DATOS DE LONGITUD FIJA--INFORMACIÓN GENERAL
campo de control de longitud fija 240913t19971997fr grb 000 0 fre d
017 ## - NÚMERO DE COPYRIGHT O DE DEPÓSITO LEGAL
Número de copyright o de depósito legal DL 97-08153 (D1)
Agencia que asigna FR
020 ## - NÚMERO INTERNACIONAL ESTÁNDAR DEL LIBRO
Número Internacional Estándar del Libro 222609203X (Br)
Condiciones de disponibilidad 140 FRF
020 ## - NÚMERO INTERNACIONAL ESTÁNDAR DEL LIBRO
Número Internacional Estándar del Libro 9782226246264 (br)
024 3# - IDENTIFICADOR DE OTROS ESTÁNDARES
Número estándar o código 9782226092038
035 ## - NÚMERO DE CONTROL DEL SISTEMA
Número de control de sistema (OCoLC)416184579
035 ## - NÚMERO DE CONTROL DEL SISTEMA
Número de control de sistema urouen59263
035 ## - NÚMERO DE CONTROL DEL SISTEMA
Número de control de sistema ocm36731914
035 ## - NÚMERO DE CONTROL DEL SISTEMA
Número de control de sistema DYNIX_BUNAN_305776
035 ## - NÚMERO DE CONTROL DEL SISTEMA
Número de control de sistema bua29231
035 ## - NÚMERO DE CONTROL DEL SISTEMA
Número de control de sistema elec9648000348
035 ## - NÚMERO DE CONTROL DEL SISTEMA
Número de control de sistema sib0903322
035 ## - NÚMERO DE CONTROL DEL SISTEMA
Número de control de sistema frBN022356351
035 ## - NÚMERO DE CONTROL DEL SISTEMA
Número de control de sistema FRBNF358634840000001
Número de control cancelado/no válido FRBNF35863484
035 ## - NÚMERO DE CONTROL DEL SISTEMA
Número de control de sistema flora39232
035 ## - NÚMERO DE CONTROL DEL SISTEMA
Número de control de sistema 004096088
040 ## - FUENTE DE CATALOGACIÓN
Centro catalogador/agencia de origen ABES
Lengua de catalogación fre
Normas de descripción AFNOR
Centro/agencia transcriptor ES-MaACL
Centro/agencia modificador ES-MaACL
041 0# - CÓDIGO DE IDIOMA
Fuente del código 639-2
050 #4 - SIGNATURA TOPOGRÁFICA DE LA BIBLIOTECA DEL CONGRESO
Número de clasificación B2017
080 ## - NÚMERO DE LA CLASIFICACIÓN DECIMAL UNIVERSAL
Número de la Clasificación Decimal Universal 1
Identificador de la edición Éd. 1967
082 0# - NÚMERO DE LA CLASIFICACIÓN DECIMAL DEWEY
Número de clasificación 194
Número de edición 22
084 ## - OTRO NÚMERO DE CLASIFICACIÓN
Número de clasificación 194.
Fuente del número Dewey
084 ## - OTRO NÚMERO DE CLASIFICACIÓN
Número de clasificación 840.
Fuente del número Dewey
084 ## - OTRO NÚMERO DE CLASIFICACIÓN
Número de clasificación 848.5.
Fuente del número Dewey
999 ## - NÚMEROS DE CONTROL DE SISTEMA (KOHA)
Koha Subclase de Dewey [OBSOLETO] 335222103a
999 ## - NÚMEROS DE CONTROL DE SISTEMA (KOHA)
Koha Subclase de Dewey [OBSOLETO] 0SM
999 ## - NÚMEROS DE CONTROL DE SISTEMA (KOHA)
Koha Subclase de Dewey [OBSOLETO] 341722103p
999 ## - NÚMEROS DE CONTROL DE SISTEMA (KOHA)
Koha Subclase de Dewey [OBSOLETO] 315552102p
999 ## - NÚMEROS DE CONTROL DE SISTEMA (KOHA)
Koha Subclase de Dewey [OBSOLETO] 751052102sa
999 ## - NÚMEROS DE CONTROL DE SISTEMA (KOHA)
Koha Subclase de Dewey [OBSOLETO] 930662101m2
999 ## - NÚMEROS DE CONTROL DE SISTEMA (KOHA)
Koha Subclase de Dewey [OBSOLETO] PHI3A
100 ## - ENTRADA PRINCIPAL--NOMBRE DE PERSONA
Número de control del registro de autoridad o número normalizado (IdRef)050138480
URI de un objeto del mundo real http://www.idref.fr/050138480/id
Nombre de persona Schmitt, Éric-Emmanuel
9 (RLIN) 238698
245 10 - MENCIÓN DEL TÍTULO
Título Diderot ou La philosophie de la séduction /
Mención de responsabilidad, etc. Eric-Emmanuel Schmitt.
246 13 - FORMA VARIANTE DEL TITULO
Título propio/Titulo breve La philosophie de la séduction
260 ## - PUBLICACIÓN, DISTRIBUCIÓN, ETC.
Lugar de publicación, distribución, etc. Paris :
Nombre del editor, distribuidor, etc. Albin Michel,
Fecha de publicación, distribución, etc. cop. 1997
300 ## - DESCRIPCIÓN FÍSICA
Extensión 327 p. ;
Dimensiones 23 cm.
336 ## - TIPO DE CONTENIDO
Código de tipo de contenido txt
Fuente rdacontent
Término de tipo de contenido texto
337 ## - TIPO DE MEDIO
Código del tipo de medio n
Fuente rdamedia
Nombre/término del tipo de medio sin mediación
337 ## - TIPO DE MEDIO
Código del tipo de medio n
Fuente isbdmedia
Nombre/término del tipo de medio sin mediación
338 ## - TIPO DE SOPORTE
Código del tipo de soporte nga
Fuente RDAfrCarrier
Nombre/término del tipo de soporte volumen
490 1# - MENCIÓN DE SERIE
Mención de serie Bibliothèque Albin Michel. Idées
500 ## - NOTA GENERAL
Nota general Autres tirages : 2009, 2013.
504 ## - NOTA DE BIBLIOGRAFÍA, ETC.
Nota de bibliografía, etc. Bibliographie p. 327-[328]
600 04 - PUNTO DE ACCESO ADICIONAL DE MATERIA--NOMBRE DE PERSONA
Nombre de persona Diderot, Denis-
Fechas asociadas al nombre 1713-1784
Subdivisión general Crítica e interpretación
Fuente del encabezamiento o término ram
9 (RLIN) 44512
830 ## - PUNTO DE ACCESO ADICIONAL DE SERIE-TÍTULO UNIFORME
Título uniforme Bibliothèque Albin Michel des idées
9 (RLIN) 238700
852 ## - LOCALIZACIÓN
Ubicación ES-MaACL
Ubicación en estantería Depósito 1
Donativo/Legado Donación: José Manuel Duarte Cendán
itemnumber 204044
Número de control de estantería A-15386
903 ## - NOMBRE PERSONAL DE DONANTE
9 238529
a Duarte Cendán, José Manuel
q 1
e Donante
942 ## - ELEMENTOS DE ENTRADA SECUNDARIOS (KOHA)
Suprimir en OPAC No
Tipo de ítem Koha Libro impreso
Holdings
Estatus retirado Estado de pérdida Fuente del sistema de clasificación o colocación Estado de daño No para préstamo Biblioteca de origen Biblioteca actual Ubicación en estantería Fecha de adquisición Fuente de adquisición Total de préstamos Signatura topográfica completa Código de barras Visto por última vez Precio de reemplazo Tipo de ítem Koha
    Clasificación decimal universal     Biblioteca del Ateneo de Madrid Biblioteca del Ateneo de Madrid Depósito 1 13/09/2024 Donación   A-15386 101228826 13/09/2024 13/09/2024 Libro impreso